Об одном подходе к созданию информационной системы в сфере кардиологии; Современные техника и технологии; Т. 2
| Parent link: | Современные техника и технологии: сборник трудов XVI Международной научно-практической конференции студентов, аспирантов и молодых ученых, Томск, 12-16 апреля 2010 г/ Национальный исследовательский Томский политехнический университет (ТПУ).— , 2010 Т. 2.— 2010.— [С. 11-13] |
|---|---|
| Tác giả chính: | |
| Tác giả khác: | , |
| Tóm tắt: | Заглавие с титульного листа Электронная версия печатной публикации |
| Ngôn ngữ: | Tiếng Nga |
| Được phát hành: |
2010
|
| Những chủ đề: | |
| Truy cập trực tuyến: | http://www.lib.tpu.ru/fulltext/c/2010/C01/V2/003.pdf |
| Định dạng: | Điện tử Chương của sách |
| KOHA link: | https://koha.lib.tpu.ru/cgi-bin/koha/opac-detail.pl?biblionumber=232473 |
MARC
| LEADER | 00000nla2a2200000 4500 | ||
|---|---|---|---|
| 001 | 232473 | ||
| 005 | 20231031203309.0 | ||
| 035 | |a (RuTPU)RU\TPU\book\253520 | ||
| 035 | |a RU\TPU\book\253514 | ||
| 090 | |a 232473 | ||
| 100 | |a 20130213d2010 k y0rusy50 ca | ||
| 101 | 0 | |a rus | |
| 102 | |a RU | ||
| 105 | |a y z 101zy | ||
| 135 | |a drnn ---uucaa | ||
| 181 | 0 | |a i | |
| 182 | 0 | |a b | |
| 200 | 1 | |a Об одном подходе к созданию информационной системы в сфере кардиологии |b Электронный ресурс |f Ю. В. Боброва, Е. С. Малахова |g науч. рук. И. Л. Чудинов | |
| 203 | |a Текст |c электронный | ||
| 215 | |a 1 файл (122 Кб) | ||
| 230 | |a Электронные текстовые данные (1 файл : 122 Кб) | ||
| 300 | |a Заглавие с титульного листа | ||
| 300 | |a Электронная версия печатной публикации | ||
| 337 | |a Adobe Reader | ||
| 461 | 0 | |0 (RuTPU)RU\TPU\book\245271 |t Современные техника и технологии |o сборник трудов XVI Международной научно-практической конференции студентов, аспирантов и молодых ученых, Томск, 12-16 апреля 2010 г |o в 3 т. |f Национальный исследовательский Томский политехнический университет (ТПУ) |d 2010 | |
| 463 | 1 | |0 (RuTPU)RU\TPU\book\250479 |t Т. 2 |v [С. 11-13] |d 2010 |p [426 с.] | |
| 610 | 1 | |a кардиология | |
| 610 | 1 | |a информационные системы | |
| 610 | 1 | |a интернет-общение | |
| 610 | 1 | |a врачи | |
| 610 | 1 | |a пациенты | |
| 610 | 1 | |a электронный ресурс | |
| 610 | 1 | |a труды учёных ТПУ | |
| 700 | 1 | |a Боброва |b Ю. В. | |
| 701 | 1 | |a Малахова |b Е. С. | |
| 702 | 1 | |a Чудинов |b И. Л. |4 727 | |
| 801 | 1 | |a RU |b 63413507 |c 20130213 | |
| 801 | 2 | |a RU |b 63413507 |c 20130503 |g RCR | |
| 856 | 4 | |u http://www.lib.tpu.ru/fulltext/c/2010/C01/V2/003.pdf | |
| 942 | |c CF | ||